Uplatnenie diferencovaných ochranných podmienok CHKO Horná Orava v praxi

Bibliographic Details
Main Author: Kocian, Jaroslav, 1949- (Author)
Format: Article
Language:Slovak
PhysicalDescription:Obr. 3.
Subjects:

MARC

LEADER 00000nab a2200000 a 4500
001 vtls000255433
003 SK-MaSNL
005 20260426102239.0
008 250422c1985 xo 0 slo
015 |a SNBRA19rr/mm-uuuuu 
035 |a CL0265547 
035 |a urn:nbn:sk:snk-ab9zxh 
035 |a (urnnbn)urn:nbn:sk:snk:ar-a0970o 
035 |a (uuid)eb90135b-779d-4db5-971e-581b2544277e 
040 |a SNKBUCL  |b slo  |c SNKBUCL  |e AACR2 
041 0 |a slo 
044 |a xo  |c SK 
080 |a 502.4  |2 1981 
100 1 |a Kocian, Jaroslav,  |d 1949-  |4 aut  |9 191076 
245 1 0 |a Uplatnenie diferencovaných ochranných podmienok CHKO Horná Orava v praxi  |c Jaroslav Kocian 
300 |a Obr. 3. 
650 0 7 |a chránené krajinné oblasti  |2 snkbucl  |9 3798 
650 0 7 |a ochrana prírody  |2 snkbucl  |9 3778 
651 7 |a Orava (Slovensko : región)  |2 snkbucl  |9 116635 
655 7 |a články zo zborníkov  |2 snkbucl  |9 166140 
773 0 |t Chránené územia Slovenska  |d Bratislava : Obzor, 1985  |g S. 11-12 
850 |a Slovenská národná knižnica 
852 |a Slovenská národná knižnica 
954 |a odborná, vedecká literatúra pôvodná (slovenská)  |2 lita 
958 |a article13 
958 |a RK 
958 |a OND 
958 |a EUIPO 
992 |a RZB 
999 |c 3252721  |d 3254651